LEADER 01008cam0 2200265 450 001 E600200061225 005 20200714123736.0 010 $a0915144468 100 $a20100309d1988 |||||ita|0103 ba 101 $aeng 102 $aGB 200 1 $aDialogues concerning natural religion$eAnd the posthumous essays of the immortality of the soul and of suicide$fDavid Hume$gEdited with introduction by Richard H. Popkin 210 $aIndianapolis$aCambridge$cHackett Publishing Company$d1988 215 $aXXIII, 106 p.$d23 cm 700 1$aHume$b, David$3AF00020102$4070$0329443 702 1$aPopkin, Richard H.$3A600200052145$4070 801 0$aIT$bUNISOB$c20200714$gRICA 850 $aUNISOB 852 $aUNISOB$j100$m68924 912 $aE600200061225 940 $aM 102 Monografia moderna SBN 941 $aM 957 $a100$b007142$gSi$d68924$racquisto$1pregresso3$2UNISOB$3UNISOB$420100309085448.0$520200714123717.0$6Alfano 996 $aDialogues concerning natural religion$91703947 997 $aUNISOB LEADER 01075nam0 22003133i 450 001 TO00347520 005 20231121125837.0 010 $a2200216556 100 $a20200724d1995 ||||0itac50 ba 101 | $afre 102 $afr 181 1$6z01$ai $bxxxe 182 1$6z01$an 200 1 $aHistoire et historiens$fMarc Bloch$gtextes réunis par Etienne Bloch 210 $aParis$cColin$d1995 215 $aVIII, 278 p.$d24 cm. 676 $a907.2$9Storiografia.$v22 676 $a907.202$9Storici e storiografi.$v22 700 1$aBloch$b, Marc$3CFIV072267$4070$036100 702 1$aBloch$b, Étienne$3SBLV094511 790 1$aBloch$b, Marc Léopold Benjamin$3SBNV091321$zBloch, Marc 801 3$aIT$bIT-01$c20200724 850 $aIT-FR0017 899 $aBiblioteca umanistica Giorgio Aprea$bFR0017 912 $aTO00347520 950 0$aBiblioteca umanistica Giorgio Aprea$d 52DGA S 201$e 52SBA0000263355 VMB RS $fA $h20200724$i20200724 977 $a 52 996 $aHistoire et historiens$914000 997 $aUNICAS